Statistics for Canada Flags Map Quiz

Click here to take the quiz!

General Stats

  • This quiz has been taken 453 times
  • The average score is 7 of 13

Answer Stats

Answer % Correct
Quebec
89%
Nunavut
71%
British Columbia
63%
Ontario
59%
Nova Scotia
56%
Saskatchewan
55%
Newfoundland and Labrador
50%
Manitoba
50%
New Brunswick
49%
Alberta
47%
Prince Edward Island
45%
Northwest Territories
41%
Yukon
35%

Score Distribution

Percentile by Number Answered

Percent of People with Each Score

Your Score History

You have not taken this quiz